Culture Générale : Ornithorynques - Statistiques

Statistiques générales
  • Ce quiz a été pris 82 fois
  • Le résultat moyen est 4 sur 10
Answers on the Grid
Answers color-coded by a green-red scale on the quiz's grid according to % correct below.
est un mammifère
peut regénérer un membre coupé
est carnivore
est endémique de l'Australie
mâle est venimeux
est nyctalope
possède des dents proches des dents humaines
s'oriente grâce à l'électricité
est terrestre
enfant a des dents mais pas l'ornithorynque adulte
femelle mange certains enfants
Leur fourrure est vert-bleu fluo sous les UV
pond des œufs
construit des barrages
femelle produit des antibiotiques dans le lait
a une des fourrure les plus épaisse du règne animal
 
Statistiques - réponses
Réponse % Correct
pond des œufs
74%
est un mammifère
70%
mâle est venimeux
55%
est endémique de l'Australie
49%
femelle produit des antibiotiques dans le lait
47%
Leur fourrure est vert-bleu fluo sous les UV
43%
a une des fourrure les plus épaisse du règne animal
38%
enfant a des dents mais pas l'ornithorynque adulte
28%
s'oriente grâce à l'électricité
23%
est carnivore
9%
Aucun quiz correspondant
Distribution des résultats
% des personnes avec chaque résultat
Percentile par nombre de réponses
Votre historique - résultats
Vous n’avez pas pris ce quiz